[Event "HUN-chT2 Charousek 0001"]
[Site "Hungary"]
[Date "2000.12.17"]
[Round "3"]
[White "Monda, Laszlo"]
[Black "Bordas, Gyula"]
[Result "1-0"]
[WhiteElo "2184"]
[BlackElo "2132"]
[PlyCount "39"]
[EventDate "2000.11.26"]
[EventType "team"]
[EventRounds "11"]
[EventCountry "HUN"]
[SourceTitle "EXT 2007"]
[Source "ChessBase"]
[SourceDate "2006.11.23"]
[SourceVersion "1"]
[SourceVersionDate "2006.11.23"]
[SourceQuality "1"]
[WhiteTeam "Szazhalombatta"]
[BlackTeam "Budapest Spartacus"]
[WhiteTeamCountry "HUN"]
[BlackTeamCountry "HUN"]

1. d4 c5 2. c3 Qa5 3. e3 Nf6 4. Nd2 cxd4 5. exd4 d5 6. Bd3 Nc6 7. h3 g6 8. Ngf3 Bg7 9. 0-0 0-0 10. Re1 Nd7 11. b4 Qc7 12. b5 Nd8 13. Ba3 Qxc3 14. Nb3 Qc7 15. Rc1 Qb6 16. Rxe7 Ne6 17. Rxc8 Rfxc8 18. Rxd7 Nxd4 19. Nfxd4 Bxd4 20. Qf3 1-0

[Event "Budapest FS12 IM-B"]
[Site "Budapest"]
[Date "2000.12.14"]
[Round "12"]
[White "Farago, Sandor"]
[Black "Bordas, Gyula"]
[Result "1/2-1/2"]
[WhiteElo "2292"]
[BlackElo "2186"]
[PlyCount "97"]
[EventDate "2000.12.02"]
[EventType "tourn"]
[EventRounds "13"]
[EventCountry "HUN"]
[EventCategory "2"]
[SourceTitle "CBM 079 Extra"]
[Source "ChessBase"]
[SourceDate "2001.01.11"]
[SourceVersion "2"]
[SourceVersionDate "2001.01.25"]
[SourceQuality "1"]

1. d4 c5 2. d5 e6 3. c4 exd5 4. cxd5 d6 5. Nc3 Nf6 6. e4 Nbd7 7. Nf3 h6 8. h3 g5 9. Be2 Bg7 10. a4 0-0 11. Be3 Re8 12. Nd2 Ne5 13. f4 gxf4 14. Bxf4 Nh5 15. Bxe5 Rxe5 16. Bxh5 Qh4+ 17. Kf1 Rxh5 18. Nf3 Qf4 19. Qc1 Qf6 20. Ke2 b6 21. g4 Ba6+ 22. Ke3 Rg5 23. Nxg5 hxg5 24. Nb5 Re8 25. Rf1 Qe5 26. Qc4 Qh2 27. Rf3 Qxb2 28. Rd1 Be5 29. Kd3 Bxb5 30. axb5 a6 31. bxa6 b5 32. Qc2 c4+ 33. Kd2 c3+ 34. Kd3 Qb4 35. Ke2 Rc8 36. Rb1 Qc4+ 37. Kd1 Qd4+ 38. Ke2 Rc4 39. Rxb5 Ra4 40. Rb8+ Kg7 41. Rxc3 Qg1 42. Qxa4 Qg2+ 43. Kd3 Qf3+ 44. Kd2 Qf2+ 45. Kc1 Qe1+ 46. Kb2 Bxc3+ 47. Kc2 Qd2+ 48. Kb1 Qe1+ 49. Kc2 1/2-1/2

[Event "Budapest FS12 IM-B"]
[Site "Budapest"]
[Date "2000.12.11"]
[Round "9"]
[White "Koskinen, Henri"]
[Black "Bordas, Gyula"]
[Result "1-0"]
[WhiteElo "2310"]
[BlackElo "2186"]
[PlyCount "53"]
[EventDate "2000.12.02"]
[EventType "tourn"]
[EventRounds "13"]
[EventCountry "HUN"]
[EventCategory "2"]
[SourceTitle "CBM 079 Extra"]
[Source "ChessBase"]
[SourceDate "2001.01.11"]
[SourceVersion "2"]
[SourceVersionDate "2001.01.25"]
[SourceQuality "1"]

1. c4 Nf6 2. Nf3 e6 3. g3 c5 4. Bg2 Nc6 5. 0-0 d5 6. d4 dxc4 7. Qa4 Bd7 8. dxc5 Bxc5 9. Qxc4 b6 10. Nc3 Rc8 11. Bg5 h6 12. Bxf6 Qxf6 13. Ne4 Qxb2 14. Nxc5 Na5 15. Qa6 Rxc5 16. Qxa7 Nc6 17. Qa8+ Nd8 18. Rad1 Qb5 19. Nd4 Qa5 20. Qb8 Rc8 21. Qd6 Qc5 22. Nf5 Qxd6 23. Nxd6+ Ke7 24. Nxc8+ Bxc8 25. Rb1 Ba6 26. Rxb6 Bxe2 27. Rc1 1-0

[Event "Budapest FS12 IM-B"]
[Site "Budapest"]
[Date "2000.12.09"]
[Round "7"]
[White "Pap, Misa"]
[Black "Bordas, Gyula"]
[Result "1-0"]
[WhiteElo "2366"]
[BlackElo "2186"]
[PlyCount "65"]
[EventDate "2000.12.02"]
[EventType "tourn"]
[EventRounds "13"]
[EventCountry "HUN"]
[EventCategory "2"]
[SourceTitle "CBM 079 Extra"]
[Source "ChessBase"]
[SourceDate "2001.01.11"]
[SourceVersion "2"]
[SourceVersionDate "2001.01.25"]
[SourceQuality "1"]

1. e4 Nc6 2. d4 e5 3. Nf3 exd4 4. Bc4 Nf6 5. e5 d5 6. Bb5 Ne4 7. Nxd4 Bd7 8. Bxc6 bxc6 9. 0-0 Bc5 10. f3 Ng5 11. Be3 Qe7 12. f4 Ne6 13. c3 Rb8 14. Nd2 Nxd4 15. cxd4 Bb6 16. f5 c5 17. Nb3 c4 18. Nc5 Bxc5 19. dxc5 Rxb2 20. e6 Bc6 21. Bd4 c3 22. exf7+ Kd8 23. Qg4 Qxf7 24. f6 g5 25. Bxc3 h5 26. Qd1 Rb5 27. Qd4 Re8 28. Rae1 Rxe1 29. Rxe1 Qg6 30. Qe5 Qf7 31. Qxg5 d4 32. Bxd4 Qxa2 33. f7+ 1-0

[Event "Budapest FS11 IM"]
[Site "Budapest"]
[Date "2000.11.12"]
[Round "9"]
[White "Bordas, Gyula"]
[Black "Resika, Nathan A"]
[Result "1-0"]
[WhiteElo "2186"]
[BlackElo "2267"]
[PlyCount "109"]
[EventDate "2000.11.04"]
[EventType "tourn"]
[EventRounds "13"]
[EventCountry "HUN"]
[EventCategory "1"]
[SourceTitle "CBM 079 Extra"]
[Source "ChessBase"]
[SourceDate "2001.01.11"]
[SourceVersion "2"]
[SourceVersionDate "2001.01.25"]
[SourceQuality "1"]

1. c4 e5 2. Nc3 Nc6 3. Nf3 Nf6 4. d4 exd4 5. Nxd4 Bb4 6. Nxc6 bxc6 7. g3 0-0 8. Bg2 Re8 9. 0-0 Rb8 10. Bf4 Ba6 11. Qd4 c5 12. Qd3 Bxc3 13. bxc3 d6 14. Rab1 Rb6 15. Bf3 Qe7 16. Bg5 Qe6 17. Rxb6 axb6 18. Qc2 Bxc4 19. Ra1 h6 20. Bxf6 Qxf6 21. a4 Qe6 22. Qd2 Qf5 23. a5 bxa5 24. Rxa5 Rb8 25. Kg2 Be6 26. Ra1 Qh3+ 27. Kg1 Qf5 28. Kg2 Qe5 29. Ra5 h5 30. Ra4 c4 31. Qc1 d5 32. Ra5 c6 33. Ra3 Qf5 34. Ra1 Qh3+ 35. Kg1 Qf5 36. Qe3 Qf6 37. Kg2 Qf5 38. Kg1 g6 39. Kg2 Qh3+ 40. Kg1 Qf5 41. Kg2 Qf6 42. h3 Kg7 43. Ra3 Rb3 44. Ra8 Rxc3 45. Qc5 Kh7 46. Ra6 Bd7 47. Ra7 Be6 48. Rc7 Qf5 49. g4 hxg4 50. hxg4 Qf6 51. Qxc6 d4 52. Rb7 Rc1 53. Qd6 Qh4 54. Qxe6 Qh1+ 55. Kg3 1-0

[Event "Budapest FS11 IM"]
[Site "Budapest"]
[Date "2000.11.07"]
[Round "4"]
[White "Philippe, Christophe"]
[Black "Bordas, Gyula"]
[Result "1-0"]
[WhiteElo "2306"]
[BlackElo "2186"]
[PlyCount "65"]
[EventDate "2000.11.04"]
[EventType "tourn"]
[EventRounds "13"]
[EventCountry "HUN"]
[EventCategory "1"]
[SourceTitle "CBM 079 Extra"]
[Source "ChessBase"]
[SourceDate "2001.01.11"]
[SourceVersion "2"]
[SourceVersionDate "2001.01.25"]
[SourceQuality "1"]

1. e4 Nc6 2. Nf3 d6 3. d4 Nf6 4. Nc3 Bg4 5. d5 Nb8 6. h3 Bxf3 7. Qxf3 a6 8. Bg5 Nbd7 9. 0-0-0 g6 10. Kb1 Bg7 11. Bd3 c5 12. Rhe1 b5 13. e5 dxe5 14. d6 e6 15. Be4 Ra7 16. Bc6 h6 17. Bxf6 Bxf6 18. Ne4 Bg7 19. Nxc5 0-0 20. Nxd7 Rxd7 21. Bxd7 Qxd7 22. Qa3 Ra8 23. Qa5 Ra7 24. Re3 Bf6 25. Qb6 Bd8 26. Qc5 Bf6 27. Rc3 Kg7 28. Qc8 Bd8 29. Qxd7 Rxd7 30. Rc6 a5 31. c4 bxc4 32. Rxc4 Be7 33. dxe7 1-0

[Event "Budapest FS10 IM-B"]
[Site "Budapest"]
[Date "2000.10.17"]
[Round "11"]
[White "Lehtinen, Heikki"]
[Black "Bordas, Gyula"]
[Result "1-0"]
[WhiteElo "2329"]
[BlackElo "2186"]
[PlyCount "49"]
[EventDate "2000.10.07"]
[EventType "tourn"]
[EventRounds "10"]
[EventCountry "HUN"]
[EventCategory "2"]
[SourceTitle "CBM 078 Extra"]
[Source "ChessBase"]
[SourceDate "2000.11.10"]
[SourceVersion "1"]
[SourceVersionDate "2000.11.10"]
[SourceQuality "1"]

1. c4 Nf6 2. g3 e6 3. Bg2 c5 4. Nf3 Nc6 5. 0-0 Be7 6. d4 d5 7. cxd5 exd5 8. dxc5 Bxc5 9. Qc2 Bd6 10. Nc3 0-0 11. Rd1 h6 12. Nd4 Nxd4 13. Rxd4 Be6 14. Rd1 Re8 15. Nxd5 Nxd5 16. Bxd5 Rc8 17. Qb3 Bxd5 18. Qxd5 Rxe2 19. Be3 Rc6 20. Rac1 Rxc1 21. Rxc1 Qb8 22. Qf5 Bf8 23. Rc8 Qd6 24. Bc5 Re1+ 25. Kg2 1-0

[Event "Budapest FS10 IM-B"]
[Site "Budapest"]
[Date "2000.10.09"]
[Round "3"]
[White "Bordas, Gyula"]
[Black "Nemeth, Zoltan"]
[Result "1/2-1/2"]
[WhiteElo "2186"]
[BlackElo "2308"]
[PlyCount "111"]
[EventDate "2000.10.07"]
[EventType "tourn"]
[EventRounds "10"]
[EventCountry "HUN"]
[EventCategory "2"]
[SourceTitle "CBM 078 Extra"]
[Source "ChessBase"]
[SourceDate "2000.11.10"]
[SourceVersion "1"]
[SourceVersionDate "2000.11.10"]
[SourceQuality "1"]

1. c4 e6 2. Nf3 Nf6 3. g3 d5 4. Bg2 c6 5. 0-0 Nbd7 6. d4 Be7 7. Qc2 0-0 8. b3 b6 9. Bf4 Bb7 10. Nc3 c5 11. cxd5 Nxd5 12. Nxd5 Bxd5 13. e4 Bb7 14. d5 exd5 15. exd5 Re8 16. d6 Bf6 17. Ng5 Bxg5 18. Bxg5 Qxg5 19. Bxb7 Rad8 20. Rfe1 Nf6 21. f4 Qg6 22. Qd2 Rxe1+ 23. Rxe1 h5 24. Bc6 Nd7 25. Re7 Nb8 26. Bd5 Qxd6 27. Re8+ Rxe8 28. Bxf7+ Kxf7 29. Qxd6 g6 30. Qc7+ Ke6 31. Qg7 Nd7 32. Qxg6+ Nf6 33. Qg7 a5 34. Qb7 Nd7 35. Qe4+ Kd6 36. Qg6+ Re6 37. Qxh5 b5 38. Qd1+ Kc6 39. Qf3+ Kc7 40. Qd3 Kc6 41. Qf3+ Kc7 42. g4 c4 43. bxc4 bxc4 44. Qd5 Rc6 45. Qxa5+ Nb6 46. Qe5+ Kb7 47. Qe7+ Ka6 48. Qe4 Kb5 49. Kf2 c3 50. Ke2 Rc4 51. Qf5+ Kb4 52. Kd1 Rd4+ 53. Kc1 Nd5 54. Qb1+ Kc5 55. Qb3 Rxf4 56. Qa3+ 1/2-1/2

[Event "Budapest FS09 IM-A"]
[Site "Budapest"]
[Date "2000.09.10"]
[Round "9"]
[White "Bordas, Gyula"]
[Black "Orso, Miklos"]
[Result "0-1"]
[WhiteElo "2186"]
[BlackElo "2346"]
[PlyCount "116"]
[EventDate "2000.09.02"]
[EventType "tourn"]
[EventRounds "11"]
[EventCountry "HUN"]
[EventCategory "1"]
[SourceTitle "CBM 078 Extra"]
[Source "ChessBase"]
[SourceDate "2000.11.10"]
[SourceVersion "1"]
[SourceVersionDate "2000.11.10"]
[SourceQuality "1"]

1. c4 Nf6 2. Nc3 d5 3. cxd5 Nxd5 4. e4 Nb4 5. Bc4 Nd3+ 6. Ke2 Ne5 7. Bb5+ c6 8. d4 Ng6 9. h4 e5 10. h5 Ne7 11. Bc4 b5 12. Bb3 exd4 13. Nf3 Bg4 14. Kf1 Bxf3 15. Qxf3 f6 16. e5 Nd7 17. Ne4 Nd5 18. exf6 gxf6 19. Qf5 Qe7 20. Bxd5 cxd5 21. Qxd5 Rc8 22. Bf4 Qf7 23. Qb7 Qc4+ 24. Kg1 Qc6 25. Re1 Kd8 26. Qxa7 Bb4 27. Bd2 Bxd2 28. Nxd2 Qb6 29. Qxb6+ Nxb6 30. Rh4 Re8 31. Rxd4+ Kc7 32. Rxe8 Rxe8 33. Kf1 Re5 34. g4 Rc5 35. Ne4 Rc1+ 36. Ke2 Nd7 37. f4 Rh1 38. Nf2 Rg1 39. Rd1 Rg3 40. Rd3 Rg1 41. Kf3 Ra1 42. a3 Nc5 43. Rd1 Ra2 44. Rc1 Kb6 45. Ne4 Nxe4 46. Kxe4 Rxb2 47. Rf1 Kc6 48. Rf3 Rg2 49. Kf5 Kd5 50. Rb3 Kc4 51. Rb4+ Kc5 52. g5 fxg5 53. fxg5 Rg3 54. Re4 Rxa3 55. Re7 b4 56. Rxh7 Ra5 57. Ke4 Kc6 58. Kf4 b3 0-1

[Event "Budapest FS09 IM-A"]
[Site "Budapest"]
[Date "2000.09.03"]
[Round "2"]
[White "Rajlich, Vasik G"]
[Black "Bordas, Gyula"]
[Result "1/2-1/2"]
[WhiteElo "2209"]
[BlackElo "2186"]
[PlyCount "55"]
[EventDate "2000.09.02"]
[EventType "tourn"]
[EventRounds "11"]
[EventCountry "HUN"]
[EventCategory "1"]
[SourceTitle "CBM 078 Extra"]
[Source "ChessBase"]
[SourceDate "2000.11.10"]
[SourceVersion "1"]
[SourceVersionDate "2000.11.10"]
[SourceQuality "1"]

1. e4 c5 2. Nf3 d6 3. d4 cxd4 4. Nxd4 Nf6 5. Nc3 a6 6. Bg5 e6 7. f4 Be7 8. Qf3 h6 9. Bh4 Nbd7 10. 0-0-0 Qc7 11. Be2 Rb8 12. Qg3 g5 13. fxg5 hxg5 14. Bxg5 b5 15. Rhf1 Rg8 16. Qh4 b4 17. Nxe6 fxe6 18. Bh5+ Kd8 19. e5 Rxg5 20. Qxg5 Qa5 21. Nd5 Nxd5 22. Qg8+ Kc7 23. Qxe6 N7b6 24. exd6+ Kb7 25. Qf7 b3 26. axb3 Qa1+ 27. Kd2 Qxb2 28. dxe7 1/2-1/2

[Event "HUN-ch KO"]
[Site "Budapest"]
[Date "2000.08.31"]
[Round "2.2"]
[White "Foldi, Istvan"]
[Black "Bordas, Gyula"]
[Result "1/2-1/2"]
[WhiteElo "2376"]
[BlackElo "2186"]
[PlyCount "53"]
[EventDate "2000.08.28"]
[EventType "k.o."]
[EventRounds "6"]
[EventCountry "HUN"]
[SourceTitle "EXT 2001"]
[Source "ChessBase"]
[SourceDate "2000.11.22"]
[SourceVersion "1"]
[SourceVersionDate "2000.11.22"]
[SourceQuality "1"]

1. c4 Nf6 2. Nc3 e6 3. g3 c5 4. Nf3 Nc6 5. Bg2 d5 6. cxd5 exd5 7. d4 Be7 8. 0-0 0-0 9. dxc5 Bxc5 10. Na4 Bd6 11. Bg5 Re8 12. Rc1 h6 13. Bxf6 Qxf6 14. Qxd5 Rxe2 15. Nc3 Re6 16. Ne4 Qe7 17. Rfe1 Bb4 18. Re3 Qd7 19. Qb3 Qe7 20. Qd5 Qd7 21. Qxd7 Bxd7 22. Rd1 Be8 23. Bh3 Re7 24. a3 Ba5 25. b4 Bb6 26. Ree1 Kf8 27. Nd6 1/2-1/2

[Event "HUN-ch KO"]
[Site "Budapest"]
[Date "2000.08.28"]
[Round "1.1"]
[White "Bordas, Gyula"]
[Black "Berczes, David"]
[Result "1-0"]
[WhiteElo "2186"]
[BlackElo "2054"]
[PlyCount "79"]
[EventDate "2000.08.28"]
[EventType "k.o."]
[EventRounds "6"]
[EventCountry "HUN"]
[SourceTitle "EXT 2001"]
[Source "ChessBase"]
[SourceDate "2000.11.22"]
[SourceVersion "1"]
[SourceVersionDate "2000.11.22"]
[SourceQuality "1"]

1. c4 c5 2. Nc3 Nc6 3. Nf3 Nf6 4. g3 g6 5. Bg2 Bg7 6. 0-0 0-0 7. d3 d6 8. a3 a6 9. Rb1 Bg4 10. h3 Bxf3 11. Bxf3 Qd7 12. Bg2 Nd4 13. e3 Ne6 14. b4 cxb4 15. axb4 Rac8 16. b5 Nc5 17. d4 Ne6 18. Qe2 Rc7 19. Bd2 Rfc8 20. Na4 Qd8 21. Ba5 Qe8 22. Bxc7 Rxc7 23. Rfc1 axb5 24. cxb5 Rxc1+ 25. Rxc1 Qd7 26. Nb6 Qe8 27. Rc8 Nd8 28. Qa2 h5 29. Qa8 Kh7 30. Rxd8 Qxb5 31. Qxb7 Qe2 32. Bf3 Qe1+ 33. Kg2 g5 34. Qxe7 g4 35. hxg4 hxg4 36. Bxg4 Qb1 37. Be2 Qxb6 38. Bd3+ Kh6 39. Rxd6 Qa5 40. Rxf6+ 1-0

[Event "Budapest WFG IM-B"]
[Site "Budapest"]
[Date "2000.07.24"]
[Round "6"]
[White "Berczes, Csaba"]
[Black "Bordas, Gyula"]
[Result "1/2-1/2"]
[WhiteElo "2189"]
[BlackElo "2186"]
[PlyCount "80"]
[EventDate "2000.07.??"]
[EventType "tourn"]
[EventRounds "11"]
[EventCountry "HUN"]
[EventCategory "2"]
[SourceTitle "EXT 2002"]
[Source "ChessBase"]
[SourceDate "2001.11.25"]
[SourceVersion "1"]
[SourceVersionDate "2001.11.25"]
[SourceQuality "1"]

1. e4 c5 2. Nf3 d6 3. d4 cxd4 4. Nxd4 Nf6 5. f3 Qb6 6. c4 Nc6 7. Nc2 e6 8. Nc3 Be7 9. Rb1 0-0 10. Be3 Qc7 11. Be2 Ne5 12. b3 a6 13. Qd2 b6 14. 0-0 Bb7 15. Nd4 Rac8 16. Rbc1 Qb8 17. Rfd1 Rfe8 18. Bf1 Bf8 19. Qf2 Ned7 20. Kh1 g6 21. Kg1 Qa8 22. Nde2 Bc6 23. Nd4 Bb7 24. Nde2 Nc5 25. Qh4 Nh5 26. b4 Nd7 27. Na4 b5 28. cxb5 axb5 29. Nac3 d5 30. Nxb5 Be7 31. Qf2 Qxa2 32. exd5 exd5 33. Nbc3 Qa3 34. Nxd5 Bxd5 35. Rxc8 Rxc8 36. Rxd5 Nhf6 37. Rd1 Qxb4 38. Qe1 Qa3 39. Bf2 Bb4 40. Ra1 Bxe1 1/2-1/2

[Event "Budapest WFG IM-B"]
[Site "Budapest"]
[Date "2000.07.23"]
[Round "5"]
[White "Papa, Severin"]
[Black "Bordas, Gyula"]
[Result "1-0"]
[WhiteElo "2117"]
[BlackElo "2186"]
[PlyCount "91"]
[EventDate "2000.07.??"]
[EventType "tourn"]
[EventRounds "11"]
[EventCountry "HUN"]
[EventCategory "2"]
[SourceTitle "EXT 2002"]
[Source "ChessBase"]
[SourceDate "2001.11.25"]
[SourceVersion "1"]
[SourceVersionDate "2001.11.25"]
[SourceQuality "1"]

1. d4 c5 2. d5 e6 3. Nc3 g6 4. e4 Bg7 5. Nf3 exd5 6. Nxd5 d6 7. Bc4 Nf6 8. 0-0 Nxd5 9. Qxd5 Be6 10. Qd3 Bxc4 11. Qxc4 0-0 12. Bf4 Qf6 13. Bg3 Nc6 14. c3 h6 15. Rad1 Rad8 16. Rd2 b6 17. Rfd1 Ne5 18. Bxe5 dxe5 19. Rd5 Rxd5 20. Qxd5 Re8 21. a4 Qe6 22. Qxe6 Rxe6 23. Rd7 a6 24. Kf1 Bf8 25. Ke2 Be7 26. Nd2 f5 27. f3 f4 28. Kd3 Kf7 29. Ra7 Rd6+ 30. Kc2 b5 31. axb5 axb5 32. Rb7 b4 33. Nc4 Re6 34. Rb6 Rxb6 35. Nxb6 bxc3 36. Kxc3 Bh4 37. Kc4 Bf2 38. Kd5 Bd4 39. b3 g5 40. Nd7 h5 41. Nxe5+ Kg7 42. Nd3 Kf6 43. Nxc5 Bg1 44. h3 g4 45. hxg4 hxg4 46. Nd3 1-0

[Event "Budapest WFG IM-B"]
[Site "Budapest"]
[Date "2000.07.19"]
[Round "1"]
[White "Kahn, Evarth"]
[Black "Bordas, Gyula"]
[Result "1-0"]
[WhiteElo "2346"]
[BlackElo "2186"]
[PlyCount "77"]
[EventDate "2000.07.??"]
[EventType "tourn"]
[EventRounds "11"]
[EventCountry "HUN"]
[EventCategory "2"]
[SourceTitle "EXT 2002"]
[Source "ChessBase"]
[SourceDate "2001.11.25"]
[SourceVersion "1"]
[SourceVersionDate "2001.11.25"]
[SourceQuality "1"]

1. d4 Nf6 2. c4 c5 3. d5 e6 4. Nc3 exd5 5. cxd5 d6 6. e4 Nbd7 7. f4 Qe7 8. Qe2 g6 9. Nb5 Qxe4 10. Nc7+ Kd8 11. Qxe4 Nxe4 12. Nxa8 Bg7 13. Bd3 Re8 14. Ne2 Nc3 15. Bd2 Nxe2 16. Bxe2 Bxb2 17. Rb1 Bd4 18. Kd1 Nf6 19. Bb5 Re7 20. Re1 Nxd5 21. Rxe7 Nxe7 22. Ba5+ b6 23. Nxb6 Bg4+ 24. Be2 Bxe2+ 25. Kxe2 axb6 26. Rxb6 Kd7 27. Rb7+ Ke6 28. a4 Nd5 29. Bd2 c4 30. a5 c3 31. Bc1 Ne7 32. a6 Nc6 33. Kd3 d5 34. Rc7 Na7 35. Be3 Nb5 36. Rb7 c2 37. Rxb5 Bxe3 38. Kxc2 Kf5 39. Rb7 1-0

[Event "Budapest FS05 FM"]
[Site "Budapest"]
[Date "2000.05.09"]
[Round "4"]
[White "Biro, Gergely"]
[Black "Bordas, Gyula"]
[Result "1-0"]
[WhiteElo "2089"]
[BlackElo "2132"]
[PlyCount "97"]
[EventDate "2000.05.06"]
[EventType "tourn"]
[EventRounds "13"]
[EventCountry "HUN"]
[SourceTitle "CBM 076 Extra"]
[Source "ChessBase"]
[SourceDate "2000.07.11"]
[SourceVersion "1"]
[SourceVersionDate "2000.07.11"]
[SourceQuality "1"]

1. e4 c5 2. Nf3 d6 3. d4 cxd4 4. Nxd4 Nf6 5. Nc3 a6 6. Bg5 e6 7. f4 Be7 8. Qf3 h6 9. Bh4 Nbd7 10. Be2 Qc7 11. 0-0-0 Rb8 12. Qg3 g5 13. fxg5 hxg5 14. Bxg5 Rg8 15. Qh4 b5 16. Rhf1 b4 17. Nb1 Rg6 18. Bh5 Nxh5 19. Bxe7 Rb6 20. Qxh5 Kxe7 21. Nxe6 Qc4 22. Nf4 Rc6 23. Nxg6+ fxg6 24. Qg5+ Ke8 25. Qxg6+ Kd8 26. Rf2 Kc7 27. b3 Qc5 28. Qf5 Ne5 29. Qf8 Ng4 30. Re2 Ne3 31. Qf2 Nxd1 32. Qxc5 Rxc5 33. h3 Nc3 34. Nxc3 bxc3 35. Re3 Kd7 36. Kd1 Ke6 37. Ke2 a5 38. Kf3 Ke5 39. g4 a4 40. h4 a3 41. g5 Rc7 42. h5 Rf7+ 43. Kg2 Bg4 44. h6 Bh5 45. Rxc3 Kxe4 46. b4 Rf5 47. h7 Rf8 48. Rh3 Bg4 49. h8Q 1-0

[Event "Tapolca op"]
[Site "Budapest"]
[Date "2000.01.10"]
[Round "4"]
[White "Bordas, Gyula"]
[Black "Kreindl, Helmut"]
[Result "0-1"]
[WhiteElo "2132"]
[BlackElo "2173"]
[PlyCount "124"]
[EventDate "2000.01.07"]
[EventType "swiss"]
[EventRounds "9"]
[EventCountry "HUN"]
[SourceTitle "EXT 2001"]
[Source "ChessBase"]
[SourceDate "2000.11.22"]
[SourceVersion "1"]
[SourceVersionDate "2000.11.22"]
[SourceQuality "1"]

1. c4 e6 2. Nf3 Nf6 3. g3 b6 4. Bg2 Bb7 5. 0-0 Be7 6. Nc3 0-0 7. d3 d5 8. b3 c5 9. e3 Nc6 10. Bb2 Rc8 11. Qe2 Re8 12. Rfd1 Qc7 13. Rab1 a6 14. Ba1 Rcd8 15. cxd5 exd5 16. d4 cxd4 17. Nxd4 Nxd4 18. exd4 Bb4 19. Qd3 Ne4 20. Rbc1 Qd6 21. Bb2 Re7 22. Nb1 b5 23. a3 Ba5 24. b4 Bb6 25. Nd2 Rde8 26. Re1 Qf6 27. Re2 g5 28. Nxe4 dxe4 29. Qd2 Bd5 30. Rc5 e3 31. Rxe3 Rxe3 32. fxe3 Bxg2 33. Kxg2 Bxc5 34. dxc5 Qf5 35. Qd4 Qe4+ 36. Qxe4 Rxe4 37. Bd4 g4 38. Kf2 f5 39. Ke2 Kf7 40. Kd3 Ke6 41. Bg7 Kd5 42. Bf6 Re6 43. Bg5 Re4 44. Bd8 Rc4 45. Kd2 Ke4 46. Bf6 Kf3 47. Kd3 Kf2 48. Bd4 Kf3 49. Be5 h5 50. Bd4 Kg2 51. e4 fxe4+ 52. Kxe4 Kxh2 53. Kd5 Kxg3 54. c6 Rxc6 55. Kxc6 h4 56. Kb6 h3 57. Kxa6 Kf3 58. Be5 g3 59. Bxg3 Kxg3 60. Kxb5 h2 61. Ka6 h1Q 62. Ka7 Qc6 0-1

[Event "Budapest FS03 FM Elo"]
[Site "Budapest"]
[Date "2000.??.??"]
[Round "3"]
[White "Bordas, Gyula"]
[Black "Berczes, David"]
[Result "1-0"]
[WhiteElo "2132"]
[BlackElo "2140"]
[PlyCount "81"]
[EventDate "2000.03.05"]
[EventType "tourn"]
[EventRounds "12"]
[EventCountry "HUN"]
[SourceTitle "EXT 2001"]
[Source "ChessBase"]
[SourceDate "2000.11.22"]
[SourceVersion "1"]
[SourceVersionDate "2000.11.22"]
[SourceQuality "1"]

1. c4 Nf6 2. Nc3 g6 3. e4 d6 4. d4 Bg7 5. Be2 0-0 6. Nf3 e5 7. 0-0 Nbd7 8. Qc2 exd4 9. Nxd4 Re8 10. Rd1 Nc5 11. f3 Nh5 12. g4 Nf6 13. Be3 h5 14. g5 Nh7 15. f4 Qe7 16. Bf3 f5 17. Nd5 Qf7 18. Nb5 fxe4 19. Nbxc7 exf3 20. Nxe8 Bf5 21. Nxd6 Bxc2 22. Nxf7 Bxd1 23. Bxc5 Be2 24. Nd6 b6 25. Ne7+ Kf8 26. Nxg6+ Kg8 27. Be3 Bxb2 28. Rb1 Ba3 29. Ne7+ Kf8 30. Nef5 Rd8 31. c5 Bxc5 32. Bxc5 bxc5 33. Rb7 Kg8 34. Rg7+ Kf8 35. Rxh7 Kg8 36. Rg7+ Kf8 37. Rf7+ Kg8 38. g6 f2+ 39. Kxf2 Rxd6 40. Nh6+ Kh8 41. Rh7# 1-0